000 00595nam a22001817a 4500
999 _c187001
_d187001
005 20220325150543.0
010 _aENG-132125
020 _a9789382829584
_c173.00
035 _aEN-115657
037 _bDBAD/PUB
082 _a000
100 _aLakashmi, T. Vara.
245 _aReasoning - I/
_cT. Vara Lakshmi
260 _aHyderabad
_bSpectrum Publication
_c2021
270 _a#326/C,III Floor, Surneni Nilayam Near B K Guda Park, S R Nayar
_bHyderabad
_e500038
_k91-4023710657
_mstudentshelpline.in@gmail.com
300 _aiv, vp.
_c24cm(pbk)
942 _2ddc
_cEN
_mLAK
_h000